Normal view
MARC view
- Ibrahim, Ahmad M.
Entry Personal Name
001 - CONTROL NUMBER
- control field: 106195
003 - CONTROL NUMBER IDENTIFIER
- control field: NUST
005 - DATE AND TIME OF LATEST TRANSACTION
- control field: 20221228123040.0
008 - FIXED-LENGTH DATA ELEMENTS
- fixed length control field: 221228|| aca||aabn | a|a d
040 ## - CATALOGING SOURCE
- Original cataloging agency: NUST
- Transcribing agency: NUST
100 ## - HEADING--PERSONAL NAME
- Personal name: Ibrahim, Ahmad M.
670 ## - SOURCE DATA FOUND
- Source citation: Work cat.: (NUST)178730: Ibrahim, Ahmad M.,, Introduction to applied fuzzy electronics /, c1997.
